| 000 | 00660nam a2200217 u 4500 | ||
|---|---|---|---|
| 005 | 20230623063609.0 | ||
| 008 | 150519s2010 mx r 000 0 spa d | ||
| 020 | _a9786074562958 | ||
| 035 | _aUPN01000203560 | ||
| 049 | _aI | ||
| 050 | 4 |
_aPQ7298.415 R4.5 _bS9.4 |
|
| 100 | 1 |
_aErdman, Roxanna, _d1965- _937673 |
|
| 245 | 1 | 0 |
_aSuerte con el miedo / _cRoxanna Erdman ; il. Claudia Navarro. |
| 260 |
_aMéxico : _bProgreso, _cc2010. |
||
| 300 |
_a55 p. : _bil. col. |
||
| 440 | 0 |
_aRehilete. _pPara los que aprendieron a leer |
|
| 650 | 4 |
_aCuentos infantiles mexicanos _97723 |
|
| 650 | 4 |
_aMIEDOS INFANTILES _96668 |
|
| 905 | _aInfantil | ||
| 999 |
_c175661 _d175661 |
||